Fiestas de España - Estadísticas

Estadísticas generales
  • Esta prueba ha sido intentada 267 veces
  • La puntuación promedio es 8 de 20
Estadísticas de respuestas
Imagen Hint Respuesta % Correcto
(Abril) en Sevilla Feria de Abril
87%
(19 de Marzo) en Valencia "Nit de Cremà" Fallas de Valencia
87%
(Julio) en Pamplona/Iruña San Fermín
82%
(Mayo o Junio) en Almonte Romería del Rocío
62%
(12 de Octubre) en Zaragoza Fiestas del Pilar
58%
(Febrero) en Cádiz Carnaval de Cádiz
57%
(15 de Mayo) en Madrid San Isidro
57%
(Febrero) en Tenerife Carnaval de Tenerife
53%
(Agosto) en Málaga Feria de Málaga
48%
(Abril) en Alcoy Moros y Cristianos
48%
(Mayo) en Córdoba Patios de Córdoba
44%
(25 de Julio) en Galicia Día de Santiago Apostol
41%
(Último Miércoles de Agosto) en Buñol La Tomatina
39%
(Agosto) en Bilbao Aste Nagusia de Bilbao
20%
(Junio) en Toledo Corpus de Toledo
16%
(Junio) en Granada Corpus de Granada
14%
(Último Domingo de Abril) en Andújar Romería de la Cabeza
11%
(28 de Junio) en Haro Batalla del Vino
10%
(Marzo o Abril) en Sevilla Semana Santa en Sevilla
5%
(19 de Agosto) en Tarragona Sant Magí
2%
No se encontraron pruebas coincidentes
Distribución de puntuación
Porcentaje de gente con cada puntuación
Porcentaje por número respondido
Historial de tus puntuaciones
No has intentado esta prueba.